00447nam a2200157Ia 4500001000500000005001700005008004100022041000800063082001500071100003200086245011800118260000900236300002800245650000800273654000800281806620260306160541.0260306t2011||||xx |||||||||||||| ||spa|| aESP a370.1bG79 aGreco, María BeatrizeAUT 0aLa autoridad (pedagógica) en cuestión:buna crítica al concepto de autoridad en tiempos de transformación c2011 a165 páginas :c22 cm. aGEN aCED